000 00556nam a22001937a 4500
999 _c442761
_d442761
003 UA-OsUOA
005 20191107113045.0
008 191107b un ||||| |||| 00| 0 ukr d
040 _aUA-OsUOA
_bukr
_cUA-OsUOA
_dUA-OsUOA
041 _aukr
080 _a821.161.2
090 _a821.161.2
_bС32
100 _aСерафимович О
245 _aЗалізний потік
_cО. Серафимович; перекл. з рос. М. Щербак
260 _aКиїв
_bДніпро
_c1967
300 _a163 с.
942 _2udc
_cBK
955 _a3